| 000 | 00717nam a2200289Ia 4500 | ||
|---|---|---|---|
| 001 | Z_1429 | ||
| 003 | CHAP | ||
| 008 | 220113s1986 xx 000 0 und d | ||
| 010 | _a164518 | ||
| 040 | _cCHAP | ||
| 090 | _aFolleto 281 | ||
| 100 |
_aAguilera Hernández, Palemón _92911 |
||
| 245 |
_aLa trucha y su cultivo / _cpor Palemón Aguilera Hernández y Pedro Noriega Curtis |
||
| 260 |
_aMéxico : _bFondepesca, _c1986 |
||
| 300 |
_a60 p. : _bilus. |
||
| 440 | _a | ||
| 500 | _a | ||
| 503 | _a | ||
| 650 |
_aPiscicultura I. Noriega Curtis, Pedro _9138621 |
||
| 650 |
_aTrucha _9115343 |
||
| 901 | _aFolleto 281 | ||
| 902 | _aA | ||
| 910 | _a1986 | ||
| 942 | _cc14 | ||
| 942 | _cc14 | ||
| 999 |
_c164518 _d164518 |
||